00625nam a22001937a 450000500170000001000140001702000260003103500130005703700130007008200100008310000190009324501400011226000340025227000470028630000420033350000190037570000190039470000180041320100724152035.0 aENG-96464 a9788120341319c895.00 aEN-79997 bDBAD/PUB a005.8 aHarrison, Jim  aMicrosoft Forefront Threat management gateway (TMG) :bAdministrator's companion /cby Jim Harrison, Yuri Diogenes [and] Mohit Saxena  aNew DelhibPHI Learningc2010 aM-97, Connaught Circus bNew Delhie110001 axl,1011p.bill,c24cm. (pbk)e1CD-ROM aIncludes index aDiogenes, Yuri aSaxena, Mohit